The fun to learn pictures encyclopedia / (Record no. 178942)
[ view plain ]
| 000 -LEADER | |
|---|---|
| fixed length control field | 00745 a2200169 4500 |
| 003 - CONTROL NUMBER IDENTIFIER | |
| control field | Nust |
| 005 - DATE AND TIME OF LATEST TRANSACTION | |
| control field | 20251008151158.0 |
| 020 ## - INTERNATIONAL STANDARD BOOK NUMBER | |
| International Standard Book Number | 0862279836 |
| 040 ## - CATALOGING SOURCE | |
| Transcribing agency | Nust |
| 082 ## - DEWEY DECIMAL CLASSIFICATION NUMBER | |
| Classification number | 030,FUN |
| 100 ## - MAIN ENTRY--PERSONAL NAME | |
| Personal name | Anne Mckie |
| 245 ## - TITLE STATEMENT | |
| Title | The fun to learn pictures encyclopedia / |
| Statement of responsibility, etc. | Anne Mckie |
| 505 ## - FORMATTED CONTENTS NOTE | |
| Formatted contents note | The Solar System (Page-8), The Earth (Page-11), Life Begins on Earth (Page-24), Plants (Page-30), Insects (Page-36), Birds (Page-40), Life in the Seas and Oceans (Page-44), Amphibians and Reptiles (Page-48), Mammals (Page-51), Early Humans (Page-57), Transport (Page-70), Ships and Boats (Page-76), Communication (Page-84), The Journey into Space (Page-90). |
| 600 ## - SUBJECT ADDED ENTRY--PERSONAL NAME | |
| Personal name | Anne Mckie |
| 9 (RLIN) | 131003 |
| 650 ## - SUBJECT ADDED ENTRY--TOPICAL TERM | |
| Topical term or geographic name entry element | The fun to learn |
| 9 (RLIN) | 131004 |
| 942 ## - ADDED ENTRY ELEMENTS (KOHA) | |
| Source of classification or shelving scheme | |
| Koha item type | Book |
| Withdrawn status | Lost status | Source of classification or shelving scheme | Damaged status | Not for loan | Permanent Location | Current Location | Shelving location | Date acquired | Full call number | Barcode | Date last seen | Price effective from | Koha item type | Public note |
|---|---|---|---|---|---|---|---|---|---|---|---|---|---|---|
| Military College of Signals (MCS) | Military College of Signals (MCS) | General Stacks | 12/12/2016 | 030,FUN | MCS2083 | 12/08/2016 | 12/12/2016 | Book | Almirah No.76, Shelf No.1 |
